header

Nonperturbative quantum field theory and the structure of matter (Record no. 173701)

MARC details
000 -LEADER
fixed length control field 01431nam a22003494a 4500
082 04 - DEWEY DECIMAL CLASSIFICATION NUMBER
Classification number 530.14/3
100 1# - MAIN ENTRY--AUTHOR NAME
Personal name Borne, Thomas.
245 10 - TITLE STATEMENT
Title Nonperturbative quantum field theory and the structure of matter
260 ## - PUBLICATION, DISTRIBUTION, ETC. (IMPRINT)
Place of publication Dordrecht ;
-- Boston :
Name of publisher Kluwer Academic Publishers,
Year of publication c2001.
300 ## - PHYSICAL DESCRIPTION
Number of Pages xii, 327 p.
490 1# - SERIES STATEMENT
Series statement Fundamental theories of physics ;
650 #0 - SUBJECT ADDED ENTRY--TOPICAL TERM
Topical Term Quantum field theory.
Topical Term Perturbation (Quantum dynamics)
700 1# - ADDED ENTRY--PERSONAL NAME
Personal name Lochak, Georges.
Personal name Stumpf, Harald.
856 40 - ELECTRONIC LOCATION AND ACCESS
Uniform Resource Identifier http://site.ebrary.com/lib/rucke/Doc?id=10047448

No items available.

© 2026 Rongo University
Contact us: librarian | system librarian | Rongo university